Los imperios del Antiguo Oriente / (Record no. 68969)

MARC details
000 -LEADER
campo de control de longitud fija 00704nam a2200181 i 4500
001 - NÚMERO DE CONTROL
campo de control 68969
003 - IDENTIFICADOR DE NÚMERO DE CONTROL
campo de control ES-MaACL
007 - CAMPO FIJO DE DESCRIPCIÓN FÍSICA--INFORMACIÓN GENERAL
campo de control de longitud fija t|
008 - DATOS DE LONGITUD FIJA--INFORMACIÓN GENERAL
campo de control de longitud fija 040820s19741982sp ||||1| spa d
245 04 - MENCIÓN DEL TÍTULO
Título Los imperios del Antiguo Oriente /
Mención de responsabilidad, etc. compilado por Elena Cassin, Jean Bottero y Jean Vercoutter.
260 ## - PUBLICACIÓN, DISTRIBUCIÓN, ETC.
Lugar de publicación, distribución, etc. [Madrid] :
Nombre del editor, distribuidor, etc. Siglo XXI,
Fecha de publicación, distribución, etc. [1974-1982] (
Fabricante Closas Orcoyen)
300 ## - DESCRIPCIÓN FÍSICA
Extensión 3 v. ;
Dimensiones 18 cm.
505 8# - NOTA DE CONTENIDO CON FORMATO
Nota de contenido con formato Contiene: Vol. I: Del Paleolítico a la mitad del segundo milenio -- Vol. II: El fin del segundo milenio -- Vol. III: La primera mitad del primer milenio
700 1# - ENTRADA AGREGADA--NOMBRE PERSONAL
Nombre de persona Bottéro, Jean.
9 (RLIN) 30800
700 1# - ENTRADA AGREGADA--NOMBRE PERSONAL
Nombre de persona Vercoutter, Jean.
9 (RLIN) 113997
700 1# - ENTRADA AGREGADA--NOMBRE PERSONAL
Nombre de persona Cassin, Elena.
9 (RLIN) 36354
852 ## - LOCALIZACIÓN
Ubicación ES-MaACL
Número de control de estantería L-4407-9
Holdings
Estatus retirado Estado de pérdida Estado de daño No para préstamo Biblioteca de origen Biblioteca actual Ubicación en estantería Fecha de adquisición Fuente de adquisición Total de préstamos Signatura topográfica completa Código de barras Visto por última vez Precio de reemplazo Tipo de ítem Koha
        Biblioteca del Ateneo de Madrid Biblioteca del Ateneo de Madrid Depósito 2 17/01/2008     L-4407-9 1072221 23/02/2023 23/02/2023 Libro impreso